000 00461nam a2200181Ia 4500
008 230524s9999 xx 000 0 und d
020 _a9789339219727
082 _bGAY
100 _aEdwin H.Gaylord Jr
_942894
245 0 _aSteel Structures
250 _a3
260 _aNew Delhi
_bTMH
_c2015
300 _a"XIII,785p;"
500 _aQuantity Number: 1
650 _aCivil
700 _a" Charles N.Gaylord , James E.Stallmeyer"
_942895
942 _cBK
999 _c57864
_d57864